<?xml version="1.0" encoding="UTF-8"?>
<collection xmlns="http://www.loc.gov/MARC21/slim">
 <record>
  <leader>00961pamaa2200253   4500</leader>
  <controlfield tag="001">0000030579</controlfield>
  <controlfield tag="005">20130314090000.0</controlfield>
  <datafield tag="020" ind1="0" ind2="0">
   <subfield code="a">0421852607 </subfield>
  </datafield>
  <datafield tag="090" ind1="0" ind2="0">
   <subfield code="a">KD674 </subfield>
   <subfield code="b">SNE 2005</subfield>
  </datafield>
  <datafield tag="245" ind1="0" ind2="0">
   <subfield code="a">SNELL'S equity  </subfield>
   <subfield code="c">General editor by  John McGhee; </subfield>
   <subfield code="f">contributors Matthew Conaglen ... [et al.].</subfield>
  </datafield>
  <datafield tag="250" ind1="0" ind2="0">
   <subfield code="a">31st ed.</subfield>
  </datafield>
  <datafield tag="260" ind1="0" ind2="0">
   <subfield code="a">United Kingdom: </subfield>
   <subfield code="b">Sweet Maxwell, </subfield>
   <subfield code="c">2005.</subfield>
  </datafield>
  <datafield tag="300" ind1=" " ind2=" ">
   <subfield code="a">ccix, 990 p.; </subfield>
   <subfield code="c">24 cm.</subfield>
  </datafield>
  <datafield tag="440" ind1="0" ind2="0">
   <subfield code="a">Trusts, wills and probate library</subfield>
  </datafield>
  <datafield tag="500" ind1="0" ind2="0">
   <subfield code="a">Rev. ed. of: Snell's principles of equity / E. H.T. Snell. 28th ed. 1982</subfield>
  </datafield>
  <datafield tag="500" ind1="0" ind2="0">
   <subfield code="a">Accompany with books titles &quot;Snell's Equity first cumulative supplement to the thirty-first edition by John McGhee QC</subfield>
  </datafield>
  <datafield tag="501" ind1="0" ind2="0">
   <subfield code="a">DLWUK</subfield>
  </datafield>
  <datafield tag="650" ind1="0" ind2="0">
   <subfield code="a">Equity -- </subfield>
   <subfield code="z">England </subfield>
  </datafield>
  <datafield tag="650" ind1="0" ind2="0">
   <subfield code="a">Equity -- </subfield>
   <subfield code="x">Digests -- </subfield>
   <subfield code="z">England </subfield>
  </datafield>
  <datafield tag="650" ind1="0" ind2="0">
   <subfield code="a">Equity -- </subfield>
   <subfield code="z">Wales </subfield>
  </datafield>
  <datafield tag="650" ind1="0" ind2="0">
   <subfield code="a">Equity -- </subfield>
   <subfield code="x">Digests -- </subfield>
   <subfield code="z">Wales </subfield>
  </datafield>
  <datafield tag="700" ind1="1" ind2="1">
   <subfield code="a">MCGHEE, </subfield>
   <subfield code="h">John </subfield>
  </datafield>
  <datafield tag="700" ind1="1" ind2="1">
   <subfield code="a">Conaglen, </subfield>
   <subfield code="h">Matthew </subfield>
  </datafield>
  <datafield tag="901" ind1=" " ind2=" ">
   <subfield code="u">http://www.sweetandmaxwell.thomson.com</subfield>
  </datafield>
 </record>
</collection>
